The making of the Georgian nation / (Record no. 179)

000 -LEADER
fixed length control field 01071pam a2200325 a 4500
001 - CONTROL NUMBER
control field 4904927
003 - CONTROL NUMBER IDENTIFIER
control field OSt
005 - DATE AND TIME OF LATEST TRANSACTION
control field 20210417104812.0
008 - FIXED-LENGTH DATA ELEMENTS--GENERAL INFORMATION
fixed length control field 940209s1994 inub b 001 0 eng
010 ## - LIBRARY OF CONGRESS CONTROL NUMBER
LC control number 94006592
020 ## - INTERNATIONAL STANDARD BOOK NUMBER
International Standard Book Number 0253355796
020 ## - INTERNATIONAL STANDARD BOOK NUMBER
International Standard Book Number 0253209153 (pbk.)
040 ## - CATALOGING SOURCE
Original cataloging agency DLC
Transcribing agency DLC
Modifying agency DLC
050 00 - LIBRARY OF CONGRESS CALL NUMBER
Classification number DK675.4
Item number .S86 1994
080 ## - UNIVERSAL DECIMAL CLASSIFICATION NUMBER
Universal Decimal Classification number 94(479.22)
Item number S-92
082 00 - DEWEY DECIMAL CLASSIFICATION NUMBER
Classification number 947/.95
Edition number 20
100 1# - MAIN ENTRY--PERSONAL NAME
Personal name Suny, Ronald Grigor.
245 14 - TITLE STATEMENT
Title The making of the Georgian nation /
Statement of responsibility, etc. Ronald Grigor Suny.
250 ## - EDITION STATEMENT
Edition statement 2nd ed.
260 ## - PUBLICATION, DISTRIBUTION, ETC.
Place of publication, distribution, etc. Bloomington :
Name of publisher, distributor, etc. Indiana University Press,
Date of publication, distribution, etc. c1994.
300 ## - PHYSICAL DESCRIPTION
Extent xviii, 418 p. :
Other physical details maps ;
Dimensions 24 cm.
365 ## - TRADE PRICE
Price amount 53 usd
504 ## - BIBLIOGRAPHY, ETC. NOTE
Bibliography, etc. note Includes bibliographical references and index.
651 #0 - SUBJECT ADDED ENTRY--GEOGRAPHIC NAME
Geographic name Georgia (Republic)
General subdivision History.
653 ## - INDEX TERM--UNCONTROLLED
Uncontrolled term საქართველოს ისტორია
653 ## - INDEX TERM--UNCONTROLLED
Uncontrolled term ისტორია
906 ## - LOCAL DATA ELEMENT F, LDF (RLIN)
a 7
b cbc
c orignew
d 1
e ocip
f 19
g y-gencatlg
942 ## - ADDED ENTRY ELEMENTS (KOHA)
Source of classification or shelving scheme
Koha item type Books
Edition 2
Holdings
Withdrawn status Lost status Source of classification or shelving scheme Damaged status Not for loan Permanent location Current location Date acquired Inventory number Full call number Barcode Date last seen Price effective from Koha item type Total Checkouts
          Ken Walker International University Ken Walker International University 11/12/2020 135 94(479.22) S-92 135 11/12/2020 11/12/2020 Books  
          Ken Walker International University Ken Walker International University 12/15/2020 498 94 (479.22) S-92 498 12/15/2020 12/15/2020 Books  

Powered by Koha